000 00445nam a22001577a 4500
005 20180414114653.0
008 180414b xxu||||| |||| 00| 0 eng d
020 _a9783037682197
040 _cPK-LaUMT
082 _a712
_bLUD-C
100 _aLudwig, Karl H. C.
245 _aCompendium of landscape architecture & open space design /
_cKarl H. C. Ludwig
260 _aBerlin :
_bBraun Publishing CH.
_c2018
300 _a511 p.
942 _cBK
999 _c104338
_d104338